Álbuns Hip-Hop Portugal (Tuga) - Statistics

Estatísticas Gerais
  • Esse quiz foi jogado 52 vezes
  • A pontuação média é 18 de 53
Estatísticas das Respostas
Album Artista % Correto
Sacrifício: Sangue, Lágrimas, Suor Plutónio
85%
Cria Atividade Dillaz
83%
Sobretudo Sam The Kid
78%
The Art of Slowing Down Slow J
78%
AClara Piruka
73%
O Último Mortal Puro L
73%
Ngana Zambi Wet Bed Gang
66%
Mixtakes Profjam
63%
Serviço Público Valete
61%
Gancho Regula
56%
Deepak Looper Papillon
54%
do.mar Van Zee
54%
Unplugueto Allen Halloween
51%
Re-Definições Da Weasel
51%
Gota D'Espaço T-Rex
51%
Mais Antigo Bispo
49%
Minho Trapstar Chico da Tina
49%
Modo Superstar Zara G
49%
Sabi na Sabura Julinho KSD
46%
Rimar contra a maré... Boss AC
41%
Lisboa Richie Campbell
41%
FIM DO NADA Mizzy Miles
39%
O Dread Que Matou Golias Holly Hood
37%
Happy Day Deejay Telio
34%
Trovador Ivandro
34%
Rosa Dragão X-Tense
34%
E a União Fez a Força Força Suprema
32%
Nada É Por Acaso GROGNation
29%
M.a.D.H.P Phoenix Rdc
29%
V Império Dealema
27%
AMOR'FATI Lhast
27%
A Nave Vai Em Tour LON3R JOHNY
24%
Aura Nenny
20%
Transparente 9miller
17%
Dar Vida Estraca
17%
Ligação Kappa Jotta
17%
Mãe Um Dia Eu Ganho Um Diamante Harold
15%
Solitaire Mishlawi
15%
A Vida dos Felizes nastyfactor
15%
3880 Sippinpurpp
15%
MINA D'OURO LEO2745
12%
Regresso Ao Futuro Mind da Gap
12%
Latência xtinto
12%
Robert Johnson Finix MG
10%
Check-In Valas
10%
7Mm Bezegol
7%
Tourquesa Cálculo
7%
Livro Aberto Deau
7%
Priceless Instinto 26
7%
Inter-Missão Mike El Nite
7%
88 Holympo
5%
Ígneo João Maia Ferreira
5%
Balanço L-Ali
5%
Nenhum quiz correspondente encontrado
Distribuição das Pontuações
Porcentagem de Pessoas com Cada Pontuação
Percentil de Números Respondidos
Sua Pontuação Histórica
Você não jogou esse quiz